| 000 | 00751nam a2200205Ii 4500 | ||
|---|---|---|---|
| 003 | JO-AjNU | ||
| 008 | 230605s9999||||xx |||||||||||||| ||und|| | ||
| 017 | _a1975/4744 | ||
| 040 |
_aJO-AjNU _bara _erda _cJO-AjNU |
||
| 041 | _aara | ||
| 050 | 1 | 4 | _aHA29.5.A7.F3.1975 |
| 100 | 3 |
_aالفوال، محمد عبد المهيمن/فتحي عبده بدير, _eauthor _940475 |
|
| 245 | 0 | 0 | _aالتدريبات العملية لاسس علم الاحصاء وتصميم التجارب |
| 264 | 3 | 1 | _aالاسكندرية:دار المطبوعات الجديدة |
| 300 |
_a173ص _bجداول احصائية |
||
| 336 |
_atext _btxt _2rdacontent |
||
| 337 |
_aunmediated _bn _2rdamedia |
||
| 338 |
_avolume _bnc _2rdacarrier |
||
| 650 | 4 |
_aاحصاء _940476 |
|
| 999 |
_aA17180 _c20748 _d20748 |
||